Loreto College Library, Kolkata
WEBOPAC (ONLINE PUBLIC ACCESS CATALOGUE)

The Partition of Europe (Record no. 3974)

MARC details
000 -LEADER
fixed length control field 00609nam a2200205Ia 4500
005 - DATE AND TIME OF LATEST TRANSACTION
control field 20230612085212.0
008 - FIXED-LENGTH DATA ELEMENTS--GENERAL INFORMATION
fixed length control field 131103s9999 xx 000 0 und d
040 ## - CATALOGING SOURCE
Original cataloging agency Loreto College
041 ## - LANGUAGE CODE
Language code English
082 ## - DDC | ডিউই
Classification number | বর্গসংখ্যা 940.2
Book Number | গ্রন্থাঙ্ক GUE
100 ## - MAIN ENTRY--PERSONAL NAME | মুখ্য সংলেখ - ব্যাক্তিনাম
Personal name | ব্যাক্তিনাম Guedalla,Philip
245 #4 - TITLE STATEMENT | অাখ্যা বিবরণী
Title | অাখ্যা The Partition of Europe
Sub title | উপঅাখ্যা a textbook of European history 1715 - 1815
Statement of responsibility | লেখকের দায়িত্বের বিবরণ Philip Guedalla
260 ## - IMPRINT | প্রকাশনা ক্ষেত্র
Place of publication | প্রকাশ স্থান Oxford
Name of publisher | প্রকাশকের নাম Clarenda Press
Date of publication | প্রকাশ কাল 1914 (1930 printing)
300 ## - PHYSICAL DESCRIPTION |
Page / Vol. No | পৃষ্ঠা / খন্ড সংখ্যা vii,311 p.
Other physical details | অনান্য বাহ্যিক বিবরণ ill.,maps
504 ## - BIBLIOGRAPHY, ETC. NOTE
Bibliography, etc Includes index
650 ## - SUBJECT ADDED ENTRY--TOPICAL TERM | বিষয় শিরোনাম - মূল বিষয়
Topical term | মূল বিষয় Modern History
651 ## - SUBJECT ADDED ENTRY--GEOGRAPHIC NAME | বিষয় শিরোনাম - ভৌগলিক নাম
Geographic name | ভৌগলিক বিষয় Europe - Modern History,1715 - 1815
850 ## - HOLDING INSTITUTION
Holding institution LCLIB
942 ## - ADDED ENTRY ELEMENTS (KOHA)
Koha item type Books
Holdings
Withdrawn status Lost status Source of classification Damaged status Not for loan Home library Current library Date acquired Total Checkouts Full call number Accession No. Date last seen Price effective from Koha item type Coded location qualifier
    Dewey Decimal Classification     Loreto College Loreto College 04/11/2013   940.2 GUE B20838 04/11/2013 04/11/2013 Books  
    Dewey Decimal Classification     Loreto College Loreto College 04/11/2013   940.2 GUE B3840 04/11/2013 04/11/2013 Books